| 000 | 03260nam a2200481Ia 4500 | ||
|---|---|---|---|
| 001 | bslw09288402 | ||
| 003 | UtOrBLW | ||
| 005 | 20210303085104.0 | ||
| 006 | m o d | ||
| 007 | cr un||||||||| | ||
| 008 | 141121s2014 enk o 000 0 eng d | ||
| 020 |
_a9781784412388 (electronic bk.) : _c£66.95 ; È89.95 ; $114.95 |
||
| 040 | _aUtOrBLW | ||
| 050 | 4 |
_aK370 _b.L39 2014 |
|
| 072 | 7 |
_aLAQ _2bicssc |
|
| 072 | 7 |
_aLNA _2bicssc |
|
| 072 | 7 |
_aLNDK _2bicssc |
|
| 072 | 7 |
_aLAW000000 _2bisacsh |
|
| 072 | 7 |
_aLAW109000 _2bisacsh |
|
| 072 | 7 |
_aLAW068000 _2bisacsh |
|
| 080 | _a340.1 | ||
| 082 | 0 | 4 |
_a340.115 _223 |
| 245 | 0 | 0 |
_aLaw and the liberal state _h[electronic resource] / _cedited by Austin Sarat. |
| 260 |
_aBingley, U.K. : _bEmerald, _c2014. |
||
| 300 | _a1 online resource (x, 157 p.) | ||
| 490 | 1 |
_aStudies in law, politics, and society, _x1059-4337 ; _vv. 65 |
|
| 500 | _aSpecial issue. | ||
| 505 | 0 | _aTrading truth for legitimacy in the liberal state : defending John Rawls's pragmatism / John P. Anderson -- The neoliberal state's Janus faces of law / Adelaide H. Villmoare, Peter G. Stillman -- Jury nullification : an illiberal defense of liberty / Timothy A. Delaune -- Gays in the military : towards a critical civil rights account / Susan Burgess -- Health care and the disembodied politics of American liberalism / Daniel Skinner -- Nomos and Native American narratives : the duality of law in the liberal state / Beau Breslin, Katherine Cavanaugh. | |
| 520 | _aThis special issue of Studies in law, politics and society focuses on law and the liberal state; presenting an interdisciplinary and multifaceted approach to analysis of law and liberty. The first chapters focus on laws direct relationship with the American liberal state. John P. Anderson defends John Rawl's pragmatism; Adelaide Villmoare and Peter Stillman consider the 'Janus faces of laws', a double vision of law where both sides of the face adhere to one another through neoliberalism; and Timothy Delaune examines jury nullification. The remaining chapters then go on to consider specific applications of the law within society. Susan Burgess provides a critical account of what implications the inclusion of gays in the US military has for understanding the means by which the liberal state uses law to include the previously excluded. Daniel Skinner then problematizes the body politics of American liberalism, as viewed through the lens of health policy and the final chapter from Beau Breslin and Katherine Cavanaugh explores how various legal and judicial policies have highlighted the clash between the states' imperial authority and Native American narratives. | ||
| 588 | 0 | _aPrint version record | |
| 650 | 7 |
_aLaw _xGeneral. _2bisacsh |
|
| 650 | 7 |
_aLaw _xGovernment _xGeneral. _2bisacsh |
|
| 650 | 7 |
_aLaw _xMilitary. _2bisacsh |
|
| 650 | 7 |
_aLaw & society. _2bicssc |
|
| 650 | 7 |
_aLegal system: general. _2bicssc |
|
| 650 | 7 |
_aMilitary & defence law. _2bicssc |
|
| 650 | 0 | _aSociological jurisprudence. | |
| 650 | 0 | _aNeoliberalism. | |
| 700 | 1 | _aSarat, Austin. | |
| 776 | 1 | _z9781784412395 | |
| 830 | 0 |
_aStudies in law, politics, and society ; _vv. 65. |
|
| 856 | 4 | 0 | _uhttps://www.emerald.com/insight/publication/doi/10.1108/S1059-4337201465 |
| 999 |
_c30766 _d30766 |
||